MARC

LEADER 00000nab a2200000 a 4500
001 vtls010112740
003 SK-MaSNL
005 20260304235125.0
008 250507c2010 xo ||||||||||||00 b|slo
015 |a SNBRB2010/07  |2 snkbucl 
035 |a urn:nbn:sk:snk-ab83wi 
035 |a (urnnbn)urn:nbn:sk:snk:ar-00683s 
035 |a (uuid)dc531b18-6f48-41f8-a35e-27fd51a06d72 
038 |a SNKBUCL 
040 |a SNKBUCL  |b slo  |c SNKBUCL  |e AACR2 
041 0 |a slo 
044 |a xo  |c SK 
080 |a 623.746.3  |x (091)  |2 2001 
080 |a 069.51:623.746.3  |x (437.6)  |2 2001 
100 1 |a Mihálik, Miroslav,  |c plk. v zál. Ing.  |4 aut  |9 1486249 
245 1 0 |a MiG-23ML  |c Miroslav Mihálik 
300 |b Fotogr., tab. 
610 2 7 |a Vojenské historické múzeum (Piešťany, Slovensko)  |2 snkbucl  |9 262741 
650 0 7 |a MiG-23ML (lietadlo)  |2 snkbucl  |9 1572287 
650 0 7 |a stíhacie lietadlá  |2 snkbucl  |9 58532 
650 0 7 |a múzejné zbierky  |2 snkbucl  |9 69988 
651 7 |a Piešťany (Slovensko)  |2 snkbucl  |9 23981 
773 0 |t Obrana  |g Roč. 18, č. 3 (2010), s. 26  |x 1336-2910 
850 |a Slovenská národná knižnica 
852 |a Slovenská národná knižnica 
856 4 1 |u http://www.mosr.sk/data/files/1729.pdf?PHPSESSID=63594e4a 
954 |a odborná, vedecká literatúra pôvodná (slovenská)  |2 lita 
958 |a article9 
958 |a OND 
958 |a SK 
958 |a EUIPO 
999 |c 3207521  |d 3209451